000
00237nam a2200097Ia 4500
008
120527s9999 xx 000 0 und d
100
_a
RAINBIRD
245
_a
Work-related diseases in tropical Agriculture
260
_b
SILSOE
942
_c
BK
999
_c
25188
_d
25188